L'art de batir chez les romains / (Record no. 48278)
[ view plain ]
| 000 -LEADER | |
|---|---|
| campo de control de longitud fija | 00513nam a22001815i 4500 |
| 001 - NÚMERO DE CONTROL | |
| campo de control | 48278 |
| 003 - IDENTIFICADOR DE NÚMERO DE CONTROL | |
| campo de control | ES-MaACL |
| 005 - FECHA Y HORA DE LA ÚLTIMA TRANSACCIÓN | |
| campo de control | 20230906161726.0 |
| 007 - CAMPO FIJO DE DESCRIPCIÓN FÍSICA--INFORMACIÓN GENERAL | |
| campo de control de longitud fija | t| |
| 008 - DATOS DE LONGITUD FIJA--INFORMACIÓN GENERAL | |
| campo de control de longitud fija | 950711s1879 fr a ||||1| fre d |
| 040 ## - FUENTE DE CATALOGACIÓN | |
| Centro catalogador/agencia de origen | CAM |
| Lengua de catalogación | spa |
| Centro/agencia transcriptor | CAM |
| 100 1# - ENTRADA PRINCIPAL--NOMBRE DE PERSONA | |
| Nombre de persona | Choisy, Auguste. |
| 9 (RLIN) | 38594 |
| 245 12 - MENCIÓN DEL TÍTULO | |
| Título | L'art de batir chez les romains / |
| Mención de responsabilidad, etc. | par Auguste Choisy. |
| 260 ## - PUBLICACIÓN, DISTRIBUCIÓN, ETC. | |
| Lugar de publicación, distribución, etc. | Paris : |
| Nombre del editor, distribuidor, etc. | Duchez et Cie, |
| Fecha de publicación, distribución, etc. | 1879. |
| 300 ## - DESCRIPCIÓN FÍSICA | |
| Extensión | 216 p., XXIV h. de lám. ; |
| Dimensiones | 42 cm. |
| 650 #4 - PUNTO DE ACCESO ADICIONAL DE MATERIA--TÉRMINO DE MATERIA | |
| Término de materia o nombre geográfico como elemento de entrada | Arquitectura romana. |
| 9 (RLIN) | 10056 |
| 852 ## - LOCALIZACIÓN | |
| Ubicación | ES-MaACL |
| Número de control de estantería | G-4216 |
| Estatus retirado | Estado de pérdida | Estado de daño | No para préstamo | Colección | Biblioteca de origen | Biblioteca actual | Ubicación en estantería | Fecha de adquisición | Fuente de adquisición | Total de préstamos | Signatura topográfica completa | Código de barras | Visto por última vez | Precio de reemplazo | Tipo de ítem Koha |
|---|---|---|---|---|---|---|---|---|---|---|---|---|---|---|---|
| Libros del s. XIX | Biblioteca del Ateneo de Madrid | Biblioteca del Ateneo de Madrid | Depósito 2 | 17/01/2008 | G-4216 | 1050810 | 23/02/2023 | 23/02/2023 | Libro impreso antiguo |
